[Event "13th Poti Nana Aleksandria Cup"]
[Site "Poti"]
[Date "2018.07.20"]
[Round "9"]
[White "Arakelyan, Nare"]
[Black "Pshmahov, Osman"]
[Result "0-1"]
[WhiteElo "1834"]
[BlackElo "2136"]
[Annotator "RC"]
[PlyCount "150"]
[EventDate "2018.07.13"]
[EventType "swiss"]
[EventCountry "GEO"]
[SourceTitle "playchess.com"]
[Source "ChessBase"]
[SourceQuality "1"]
[TimeControl "40/5400+30:1800+30"]

1. e4 {[%emt 0:00:00]} b6 {[%emt 0:00:15]} 2. d4 {[%emt 0:00:19]} e6 {[%emt 0:00:10]} 3. Be3 {[%emt 0:02:48]} Bb7 {[%emt 0:01:16]} 4. Bd3 {[%emt 0:00:58]} g6 {[%emt 0:01:09]} 5. Ne2 {[%emt 0:02:02]} Bg7 {[%emt 0:00:47]} 6. f4 {[%emt 0:00:50]} f5 {[%emt 0:00:45]} 7. Nd2 {[%emt 0:03:30]} Nf6 {[%emt 0:00:28]} 8. Ng3 {[%emt 0:00:38]} d5 {[%emt 0:00:53]} 9. e5 {[%emt 0:04:36]} Ne4 {[%emt 0:00:08]} 10. Nf3 {[%emt 0:01:52]} O-O {[%emt 0:01:37]} 11. Qe2 {[%emt 0:02:05]} Qe7 {[%emt 0:02:13]} 12. c3 {[%emt 0:01:53]} c5 {[%emt 0:00:45]} 13. O-O {[%emt 0:01:40]} Nd7 {[%emt 0:00:50]} 14. a4 {[%emt 0:01:44]} c4 {[%emt 0:01:45]} 15. Bc2 {[%emt 0:03:06]} Nxg3 {[%emt 0:00:42]} 16. hxg3 {[%emt 0:00:09]} a6 {[%emt 0:00:08]} 17. Kf2 {[%emt 0:01:08]} b5 {[%emt 0:02:00]} 18. Bd2 {[%emt 0:02:27]} Bc6 {[%emt 0:02:49]} 19. a5 {[%emt 0:02:32]} Rfb8 {[%emt 0:01:01]} 20. Rh1 {[%emt 0:00:59]} Qe8 {[%emt 0:01:20]} 21. Ng5 {[%emt 0:01:58]} h6 {[%emt 0:00:36]} 22. Nf3 {[%emt 0:00:37]} h5 {[%emt 0:01:13]} 23. Nh4 {[%emt 0:02:55]} Bf8 {[%emt 0:00:57]} 24. Rh3 {[%emt 0:06:39]} b4 {[%emt 0:03:29]} 25. Rah1 {[%emt 0:02:30]} bxc3 {[%emt 0:00:42]} 26. Bxc3 {[%emt 0:00:27]} Be7 {[%emt 0:01:52]} 27. R3h2 {[%emt 0:07:06]} Nf8 {[%emt 0:02:03]} 28. Bd1 {[%emt 0:06:37]} Bxh4 {[%emt 0:02:17]} 29. Rxh4 {[%emt 0:00:31]} Ba4 {[%emt 0:01:34]} 30. Qd2 {[%emt 0:08:09]} Bxd1 {[%emt 0:01:05]} 31. Rxd1 {[%emt 0:00:01]} Rb3 {[%emt 0:00:21]} 32. Rhh1 {[%emt 0:01:34]} Rab8 {[%emt 0:00:16]} 33. Ra1 {[%emt 0:01:43]} R8b7 {[%emt 0:00:21]} 34. Rhb1 {[%emt 0:01:02]} Nd7 {[%emt 0:00:40]} 35. Ke2 {[%emt 0:01:51]} Nb8 {[%emt 0:00:24]} 36. Qe1 {[%emt 0:02:05]} Nc6 {[%emt 0:00:09]} 37. Qd2 {[%emt 0:00:24]} Qe7 {[%emt 0:01:47]} 38. Ra4 {[%emt 0:02:10]} Na7 {[%emt 0:00:32]} 39. Rc1 {[%emt 0:07:22]} Nc6 {[%emt 0:01:48]} 40. Rca1 {[%emt 0:00:00]} Qe8 {[%emt 0:00:00]} 41. Kd1 {[%emt 0:06:21]} Qb8 {[%emt 0:02:05]} 42. Kc1 {[%emt 0:04:35]} Na7 {[%emt 0:02:44]} 43. R1a3 {[%emt 0:04:17]} R3b5 {[%emt 0:00:45]} 44. Ra1 {[%emt 0:00:45]} Nc6 {[%emt 0:00:06]} 45. R1a3 {[%emt 0:01:16]} Qf8 {[%emt 0:00:41]} 46. Ra1 {[%emt 0:01:47]} Nb4 {[%emt 0:03:05]} 47. Bxb4 {[%emt 0:00:24]} Rxb4 {[%emt 0:00:03]} 48. Rxb4 {[%emt 0:00:03]} Qxb4 {[%emt 0:00:07]} 49. Qxb4 {[%emt 0:00:12]} Rxb4 {[%emt 0:00:03]} 50. Ra3 {[%emt 0:00:19]} Kh7 {[%emt 0:00:19]} 51. Kc2 {[%emt 0:00:28]} Kh6 {[%emt 0:00:05]} 52. Kc3 {[%emt 0:01:13]} Rb5 {[%emt 0:00:07]} 53. Kc2 {[%emt 0:01:11]} g5 {[%emt 0:03:00]} 54. Kc3 {[%emt 0:05:50]} h4 {[%emt 0:00:37]} 55. fxg5+ {[%emt 0:03:33]} Kxg5 {[%emt 0:00:10]} 56. gxh4+ {[%emt 0:00:02]} Kxh4 {[%emt 0:00:10]} 57. Kc2 {[%emt 0:00:07]} f4 {[%emt 0:04:22]} 58. Rh3+ {[%emt 0:01:30]} Kg5 {[%emt 0:00:07]} 59. Rh8 {[%emt 0:04:09]} Rxa5 {[%emt 0:00:44]} 60. Rf8 {[%emt 0:06:52]} Rb5 {[%emt 0:00:07]} 61. Rf6 {[%emt 0:00:28]} Rb6 {[%emt 0:00:36]} 62. Kc1 {[%emt 0:01:16]} Kg4 {[%emt 0:00:21]} 63. Kc2 {[%emt 0:00:22]} Kg3 {[%emt 0:00:06]} 64. Kc1 {[%emt 0:00:23]} a5 {[%emt 0:00:10]} 65. Kc2 {[%emt 0:00:19]} a4 {[%emt 0:00:09]} 66. Rf8 {[%emt 0:01:07]} Rb3 {[%emt 0:02:52]} 67. Rf6 {[%emt 0:02:17]} Rd3 {[%emt 0:00:45]} 68. Rxe6 {[%emt 0:00:53]} Rxd4 {[%emt 0:01:10]} 69. Rg6+ {[%emt 0:00:05]} Kf2 {[%emt 0:00:06]} 70. e6 {[%emt 0:01:01]} Re4 {[%emt 0:00:10]} 71. Kc3 {[%emt 0:00:30]} Ke3 {[%emt 0:00:23]} 72. Rh6 {[%emt 0:03:17]} Ke2 {[%emt 0:02:02]} 73. e7 {[%emt 0:01:10]} d4+ {[%emt 0:00:36]} 74. Kxc4 {[%emt 0:01:45]} d3+ {[%emt 0:00:09]} 75. Kc3 {[%emt 0:02:07]} d2 {[%emt 0:00:14] Kd4} 0-1

[Event "13th Poti Nana Aleksandria Cup"]
[Site "Poti"]
[Date "2018.07.20"]
[Round "9"]
[White "Bibilashvili, Lali"]
[Black "Nikulina, Alena"]
[Result "0-1"]
[WhiteElo "1816"]
[BlackElo "1959"]
[Annotator "NA RC"]
[PlyCount "98"]
[EventDate "2018.07.13"]
[EventType "swiss"]
[EventCountry "GEO"]
[SourceTitle "playchess.com"]
[Source "ChessBase"]
[SourceQuality "1"]
[TimeControl "40/5400+30:1800+30"]

1. c4 {[%emt 0:01:47]} e5 {[%emt 0:00:00]} 2. Nc3 {[%emt 0:00:03]} Nf6 {[%emt 0:00:00]} 3. g3 {[%emt 0:00:04]} g6 {[%emt 0:00:00]} 4. Bg2 {[%emt 0:00:03]} Bg7 {[%emt 0:00:09]} 5. e3 {[%emt 0:00:03]} c6 {[%emt 0:00:25]} 6. Nge2 {[%emt 0:01:25]} O-O {[%emt 0:00:09]} 7. O-O {[%emt 0:00:03]} d6 {[%emt 0:00:15]} 8. Rb1 {[%emt 0:00:15] A24: English Opening vs King's Indian: Lines without ...Nc6} (8. d3 a5 9. e4 Na6 10. h3 Rb8 11. Bg5 Nc7 12. d4 b5 13. cxb5 cxb5 14. Rc1 Bd7 15. Re1 Re8 16. b3 {1-0 (67) Ponomariov,R (2723)-Saric,I (2648) Porto Carras 2011}) 8... Bf5 {[%emt 0:00:53]} 9. d3 {[%emt 0:01:34]} Nbd7 $146 {[%emt 0:00:17]} ({Predecessor:} 9... a5 10. b3 Na6 11. Ba3 Nb4 12. e4 Be6 13. Bc1 Ng4 14. h3 Nh6 15. Be3 f5 {½-½ (51) Glapa,W-Lenda,L (1904) Koszalin 2009}) 10. b4 {[%emt 0:00:14]} Qc7 {[%emt 0:04:07]} 11. b5 {[%emt 0:10:08]} Nc5 {[%emt 0:01:24]} 12. e4 {[%emt 0:00:06]} Be6 {[%emt 0:08:55]} 13. f4 {[%emt 0:00:16]} Qd7 {[%emt 0:02:02]} 14. Ba3 {[%emt 0:04:12]} Ng4 {[%emt 0:07:28]} (14... Rfd8 $11 {bleibt in der Remisbreite.}) 15. Qd2 {[%emt 0:01:22]} Rac8 {[%emt 0:23:17]} 16. h3 Nh6 {[%emt 0:00:47]} 17. g4 {[%emt 0:13:10]} f5 {[%emt 0:11:21]} 18. bxc6 {[%emt 0:09:30]} bxc6 {[%emt 0:01:45]} 19. fxe5 {[%emt 0:06:33]} (19. gxf5 $16 gxf5 20. fxe5) 19... fxg4 {[%emt 0:04:59]} 20. h4 {[%emt 0:00:30]} Nb7 {[%emt 0:11:58]} 21. exd6 {[%emt 0:02:04]} Nxd6 {[%emt 0:01:47]} 22. Qe3 {[%emt 0:12:24]} Nhf7 {[%emt 0:03:45]} 23. c5 {[%emt 0:03:15]} Ne8 {[%emt 0:04:47]} 24. d4 {[%emt 0:00:20]} Nf6 {[%emt 0:05:17] [#]} 25. Rfd1 $2 {[%emt 0:19:24]} (25. d5 $1 $11 {[%mdl 512] and White stays safe.} Nh5 (25... cxd5 26. c6) 26. dxe6 Qxe6 27. Rb2) 25... Bh6 {[%emt 0:06:34]} 26. Qd3 {[%emt 0:00:44]} Rfe8 $2 {[%emt 0:02:08]} (26... Nh5 $19 27. Bc1 Bxc1 28. Rbxc1 Qe7) 27. Bc1 {[%emt 0:04:51]} Bf8 {[%emt 0:00:55]} (27... Bxc1 $11 28. Rbxc1 Nh5) 28. Nf4 {[%emt 0:01:55]} Nh5 {[%emt 0:00:46]} 29. Nxe6 {[%emt 0:02:12]} ({Better is} 29. Nxh5 $16 gxh5 30. Bf4) 29... Qxe6 {[%emt 0:00:01]} 30. Rb7 {[%emt 0:02:56]} Re7 {[%emt 0:00:38]} 31. Rb3 {[%emt 0:01:03]} Rd7 {[%emt 0:00:24]} 32. Qa6 {[%emt 0:00:29] [#]} (32. Qe2 $15) 32... Rcd8 $1 {[%emt 0:00:30]} 33. Ne2 {[%emt 0:03:23] [#]} (33. Nd5 $17 {kämpft weiter.}) 33... Bxc5 $1 {[%emt 0:00:50]} 34. Be3 {[%emt 0:00:17]} (34. Rf1 {war angesagt.} Bxd4+ 35. Nxd4 Rxd4 36. Qxa7) 34... Bb6 {[%emt 0:01:07]} 35. Rc1 {[%emt 0:00:18]} Qf6 {[%emt 0:00:08]} 36. Rxb6 {[%emt 0:00:05]} axb6 {[%emt 0:00:44]} 37. Qxb6 {[%emt 0:00:39]} Qxh4 38. Qxc6 {[%emt 0:00:20]} Ng5 {[%emt 0:01:57]} 39. Bxg5 {[%emt 0:00:00]} Qxg5 {[%emt 0:00:00]} 40. Qc4+ {[%emt 0:00:00]} Kh8 {[%emt 0:00:00]} 41. Qc3 Rf8 42. d5+ {[%emt 0:04:29]} Kg8 {[%emt 0:17:37]} 43. Rf1 {[%emt 0:13:23]} Rdf7 {[%emt 0:06:08]} 44. Rxf7 $19 {[%emt 0:05:28]} Rxf7 {[%emt 0:00:07]} 45. Nd4 {[%emt 0:04:17]} Nf4 {[%emt 0:08:45]} 46. Bf1 {[%emt 0:04:30]} Nh3+ {[%emt 0:00:28]} 47. Kg2 {[%emt 0:00:10]} Rf2+ {[%emt 0:00:30]} 48. Kh1 {[%emt 0:00:17]} Rxf1+ {[%emt 0:00:14]} 49. Kg2 {[%emt 0:00:02]} Rg1+ {[%emt 0:01:01]} 0-1